01552cam a22003494i 4500003000900000005001700009008004100026035001900067040003300086082002000119100003200139245006000171264006500231300002800296336002100324337002500345338002300370504002800393505066200421526001001083526001001093526001001103526001001113526000801123526000801131526000801139526000801147526000801155526000801163526000801171650002301179PE-LiUPU20250731173125.0150623s r 000 0 d a(Sirsi) a25909 aPE-LiUPUbspacPE-LiUPUerda04a241.5bG34E2211 aGeisler, Norman L.,eautor.10aEthics :balternatives and issues /cNorman L. Geisler. 1aGrand Rapids, Michigan :bZondervan Publishing House,c1976. a270 páginas ;c22 cm. atext2rdacontent aunmediated2rdamedia avolume2rdacarrier aIncluye bibliografía.0 aEthical alternatives: Basic ethical approaches and altenatives. Antinomianism: there are no norms. Generalism: there are no universal norms. Situationism: there is one universal norm. Non-conflicting absolutism: there are many no-conflicting universal norms. Ideal absolutism: there are many conflicting universal norms. Hierarchicalism: There are hierarchicallyordered universal norms. Ethical issues: The christian and self-love. The christian and war. The christian and social responsibility. The christian and sex. The christian and birth control and abortion. The christian and mercy-killing, suicide, and capital punishment. The christian and ecology. aSEG42 aSEG41 aSEG40 aSEG39 aP94 aP87 aP86 aP85 aP77 aP76 aP3504aÉtica cristiana.